| 000 | 00376nam a22001337a 4500 | ||
|---|---|---|---|
| 008 | 150120b xxu||||| |||| 00| 0 eng d | ||
| 020 | _a0349116652 | ||
| 050 | _aPR6063.C326 T4 | ||
| 100 |
_aSmith, Alexander McCall _914348 |
||
| 245 |
_aTears of the giraffe _cAlexander McCall Smith |
||
| 260 |
_aLondon: _bAbacus _c2000 |
||
| 300 |
_a216p. _c19 cm. |
||
| 942 |
_2lcc _cMONOGRAPH |
||
| 999 |
_c121806 _d121806 |
||